We Wanted a Revolution: Black Radical Women 1965-85 (Record no. 1409)

MARC details
000 -LEADER
campo de control de longitud fija 00549nam a2200133 4500
008 - DATOS DE LONGITUD FIJA--INFORMACIÓN GENERAL
campo de control de longitud fija 305.488.960.73 W361w
020 ## - NÚMERO INTERNACIONAL ESTÁNDAR DEL LIBRO
Número Internacional Estándar del Libro 9780872731837
082 ## - NÚMERO DE LA CLASIFICACIÓN DECIMAL DEWEY
Número de clasificación 305.488.960.73
Número de ítem W361w
100 ## - ENTRADA PRINCIPAL--NOMBRE DE PERSONA
Nombre de persona Brooklyn Museum
9 (RLIN) 6204
245 ## - MENCIÓN DEL TÍTULO
Título We Wanted a Revolution: Black Radical Women 1965-85
Resto del título A Surcebook
300 ## - DESCRIPCIÓN FÍSICA
Extensión 320 p.
Otras características físicas ill (col)
Dimensiones 26.5 x 20 cm.
650 ## - PUNTO DE ACCESO ADICIONAL DE MATERIA--TÉRMINO DE MATERIA
Subdivisión general sociología
-- grupos de personas
-- mujer
-- afroamericanas
-- mujeres autoras
-- mujer afroamericana
-- literatura feminista
-- feminismo
-- historia
9 (RLIN) 6205
700 ## - ENTRADA AGREGADA--NOMBRE PERSONAL
Nombre de persona Morris, Catherine & Hockley, Rujeko (editoras)
9 (RLIN) 6206
Holdings
Estatus retirado Estado de pérdida Fuente del sistema de clasificación o colocación Estado de daño No para préstamo Biblioteca de origen Biblioteca actual Ubicación en estantería Fecha de adquisición Total de préstamos Signatura topográfica completa Visto por última vez Precio de reemplazo Tipo de ítem Koha
    Clasificación Decimal Dewey     Biblioteca LadoV Biblioteca LadoV   17/03/2018   305.488.960.73 W361w 17/03/2018 17/03/2018 Material 01